Carlos Carra
Guardat en:
| Autor principal: | |
|---|---|
| Format: | Llibre |
| Idioma: | espanyol |
| Publicat: |
Buenos Aires
Codex
1964
|
| Col·lecció: | Pinacoteca de los Genios, 46
|
| Matèries: | |
| Etiquetes: |
Afegir etiqueta
Sense etiquetes, Sigues el primer a etiquetar aquest registre!
|
MARC
| LEADER | 00000nam a2200000 a 4500 | ||
|---|---|---|---|
| 001 | UCY1002 | ||
| 003 | CL-VaPUC | ||
| 008 | 940819e19640000AG |||||||||||||||||spa|d | ||
| 082 | 0 | 4 | |a 759.06 |b FAN |2 21 |
| 100 | 0 | |a Fantuzzi, Gabriel |e author |9 328864 | |
| 245 | 1 | 0 | |a Carlos Carra |
| 300 | |a 26 p | ||
| 942 | |c BK | ||
| 945 | |d 19940819 00:00:00 |a aalvarez | ||
| 260 | |a Buenos Aires |b Codex |c 1964 | ||
| 600 | 0 | 7 | |a CARRA, CARLO |2 CL-VaPUC |9 328865 |
| 650 | 7 | |a FUTUROLOGIA |2 CL-VaPUC |9 328866 | |
| 650 | 0 | |a Arte |v Obras ilustradas |9 265680 | |
| 650 | 0 | |a Pintura |9 265046 | |
| 583 | |a last modification |c 19940819 00:00:00 |k Rodrigo Vera | ||
| 490 | 0 | |a Pinacoteca de los Genios, 46 | |
| 999 | |c 229842 |d 229840 | ||
| 952 | |0 0 |1 0 |4 0 |6 759_060000000000000_FAN_1964 |7 0 |8 A |9 231532 |a BIBARQ |b BIBARQ |d 2019-11-15 |i 3007529 |o 759.06 FAN 1964 |p 3007529 |r 2025-01-20 |w 2019-11-15 |y BK |k ARQ | ||